000 00837pam a2200253 a 4500
001 4980801
005 20180301034613.0
008 981001s1998 nyua b 000 0 eng
010 _a 98031722
020 _a1573922242 (alk. paper)
040 _aDLC
_cDLC
_dDLC
041 _aeng
080 _a174.25
082 0 0 _a174.25 CAP
_221
100 _a24
101 _aFIL
245 0 4 _aThe ethics of organ transplants :
_cedited by Arthur L. Caplan and Daniel H. Coelho.
504 _a"Bibliography": p. 347-349.
504 _aIncludes bibliographical references.
906 _a7
_bcbc
_corignew
_d1
_eocip
_f19
_gy-gencatlg
942 _2ddc
_cBK
999 _c43760
_d43760